Online Catalogue and eLibrary

Sri Lankawe wame wyaparaya (Record no. 2384)

MARC details
000 -LEADER
fixed length control field 00459nam a2200157Ia 4500
005 - DATE AND TIME OF LATEST TRANSACTION
control field 20250612020613.0
008 - FIXED-LENGTH DATA ELEMENTS--GENERAL INFORMATION
fixed length control field 240331s9999 xx 000 0 und d
020 ## - INTERNATIONAL STANDARD BOOK NUMBER
ISBN 955916600X
082 ## - DDC Classification
Item Number - Author Mark DIS
Class No. 322
100 ## - MAIN ENTRY--PERSONAL NAME
Personal name Dissanayake, W
245 #0 - TITLE STATEMENT
Title Sri Lankawe wame wyaparaya
260 ## - PUBLICATION, DISTRIBUTION, ETC.
Place of publication, distribution, etc. Colombo
Name of publisher, distributor, etc. Institute for Studies and research on mass action
Date of publication, distribution, etc. 1992
300 ## - PHYSICAL DESCRIPTION
Extent (e.g. Volumes, Pages etc.) 196 p .,
500 ## - GENERAL NOTE
General note An analytical approach to the left movement in Sri Lanka
942 ## - Koha item type (Biblio)
Koha item type Books in Stacks (Lending)
Holdings
Lost status Damaged status Collection code Home library Current library Shelving location Date acquired Full call number Accession Number Item type
    Lending WERC Library WERC Library Social Science Cupboard 03/31/2024 322.4 DIS 1465 Books in Stacks (Lending)

© WERC Library